| 000 | 00442nam a2200157Ia 4500 | ||
|---|---|---|---|
| 003 | IN-BaIIA | ||
| 008 | 211028s9999 xx 000 0 eng d | ||
| 040 | _cIIA Library | ||
| 080 |
_a551.510.5 _bGOO |
||
| 100 |
_aGoody, R M _92927 |
||
| 245 | 4 |
_aThe physics of the stratosphere _cRichard M Goody |
|
| 260 |
_aEngland _bCambridge University Press _c1954 |
||
| 300 | _aviii, 187p. | ||
| 650 | _aAstronomy and Astrophysics Thesaurus | ||
| 942 | _cBK | ||
| 999 |
_c1435 _d1435 |
||